VIVIDHA SHIKSHA KE BAHUAAYAMI LEKH (Record no. 8565)

MARC details
000 -LEADER
fixed length control field 00372nam a22001457a 4500
005 - DATE AND TIME OF LATEST TRANSACTION
control field 20240708121652.0
008 - FIXED-LENGTH DATA ELEMENTS--GENERAL INFORMATION
fixed length control field 240708b |||||||| |||| 00| 0 eng d
020 ## - INTERNATIONAL STANDARD BOOK NUMBER
ISBN 9788193182444
041 ## - LANGUAGE CODE
Language code of text/sound track or separate title eng
100 ## - MAIN ENTRY--AUTHOR NAME
Personal name BATRA, DINANATH
245 ## - TITLE STATEMENT
Title VIVIDHA SHIKSHA KE BAHUAAYAMI LEKH
260 ## - PUBLICATION, DISTRIBUTION, ETC. (IMPRINT)
Place of publication NEW DELHI
Name of publisher SHIKSHA SANSKRITI UTTHAN NYAS
300 ## - PHYSICAL DESCRIPTION
Number of Pages 176;p
942 ## - ADDED ENTRY ELEMENTS (KOHA)
Koha item type Books
Holdings
Lost status Damaged status Home library Current library Shelving location Date acquired Source of acquisition Cost, normal purchase price Accession Number Koha item type
    JRU Library JRU Library SHELF-44-L 08/07/2024 PURCHASE 120.00 28267 Books
    JRU Library JRU Library SHELF-44-L 08/07/2024 PURCHASE 120.00 28268 Books